History of the Jats; V1 (Record no. 46463)

MARC details
000 -LEADER
fixed length control field 00303nam a2200133Ia 4500
008 - FIXED-LENGTH DATA ELEMENTS--GENERAL INFORMATION
fixed length control field 230917s9999||||xx |||||||||||||| ||und||
040 ## - CATALOGING SOURCE
-- 146445
Original cataloging agency VIVEKANANDA LIBRARY
041 ## - Language
-- English
082 ## - DDC NUMBER
Classification number 301.451 H876H
100 ## - MAIN ENTRY--PERSONAL NAME
Personal name Hukam Singh
245 #0 - TITLE STATEMENT
Title History of the Jats; V1
300 ## - PHYSICAL DESCRIPTION
Pages 182p. p.
942 ## - ADDED ENTRY ELEMENTS (KOHA)
Koha item type Books
Holdings
Withdrawn status Lost status Damaged status Not for loan Location (home branch) Sublocation or collection (holding branch) Date acquired Koha issues (times borrowed) Koha full call number Accession No. Koha date last seen Koha item type
        VIVEKANANDA LIBRARY VIVEKANANDA LIBRARY 16/03/2010   301.451 H876H 113488 17/09/2023 Books
        VIVEKANANDA LIBRARY VIVEKANANDA LIBRARY 16/03/2010 1 301.451 H876H 113489 19/12/2024 Books
© Designed and Maintained by Vivekananda Library, MDU Rohtak